000 00315nam a22001337a 4500
008 180226b xxu||||| |||| 00| 0 eng d
020 _a9781401848507
041 _aeng
080 _a37
100 _a25
101 _aEDU
245 _aEarly childhood special education birth to eight
_cBowe,F.G
942 _2udc
_cBK
999 _c43475
_d43475